| 000 | 00875nam a22001937a 4500 | ||
|---|---|---|---|
| 005 | 20231005132340.0 | ||
| 010 | _aB-755833 | ||
| 020 |
_a9788195183852 _c240.00 |
||
| 035 | _aB-755833 | ||
| 082 |
_22021 _a000 _b1 |
||
| 100 |
_aहरिराम , कुंती _957684 |
||
| 245 |
_aपरमवीर चक्र विजेता की गाथाये / _cकुंती हरिराम |
||
| 260 |
_aमेरठ _bनिरुपमा प्रकाशन _c2021 |
||
| 270 |
_aए 1/1 अग्रसेन विहार शास्त्री नगर _bमेरठ |
||
| 300 |
_a159पृ. _b22सेमी (अजिल्द) |
||
| 700 |
_aलता सिंघई _957685 |
||
| 942 |
_2ddc _cHN _e2021 _h000 _mरिराम |
||
| 999 |
_c198696 _d198696 |
||